000 00345nam a22001457a 4500
003 OSt
005 20220216095356.0
008 220216b |||||||| |||| 00| 0 eng d
020 _a9788184898903
040 _cH U
082 _a629.8
100 _aManufacturing
_930627
245 _aManufacturing Systems Control Design
942 _2ddc
_cBOOKS
_n0
999 _c30514
_d30514